Kryzys gospodarki polskiej przyczynek do analizy
Guardado en:
| Formato: | Libro |
|---|---|
| Lenguaje: | polaco |
| Publicado: |
Warszawa
Instytut Wydawniczy zwiazków zawodowych
1981
|
| Etiquetas: |
Sin Etiquetas, Sea el primero en etiquetar este registro!
|
MARC
| LEADER | 00000nam a2200000 4500 | ||
|---|---|---|---|
| 001 | c137851 | ||
| 005 | 20250513073929.5 | ||
| 041 | 0 | |a pol | |
| 044 | |a PL | ||
| 245 | 1 | 0 | |a Kryzys gospodarki polskiej |b przyczynek do analizy |
| 264 | 1 | |a Warszawa |b Instytut Wydawniczy zwiazków zawodowych |c 1981 | |
| 300 | |a 53 s. | ||